| 000 | 00637nam a2200229Ia 4500 | ||
|---|---|---|---|
| 003 | OSt | ||
| 005 | 20220918202333.0 | ||
| 006 | a|||||r|||| 00| 0 | ||
| 007 | ta | ||
| 008 | 220917b |||||||| |||| 00| 0 eng d | ||
| 024 | _a100,449 | ||
| 037 | _cTextual | ||
| 040 |
_aARTS _cARTS _beng |
||
| 041 |
_2eng _aeng |
||
| 082 | _aV2-3.N03<-M95, M2 | ||
| 100 |
_aTyagi M S _9103265 |
||
| 245 | 0 |
_aBritish administrative policy in India _b June 1895 September 1903 |
|
| 260 |
_aDelhi _bS S Publishers _c1982 |
||
| 650 | _aHISTORY | ||
| 942 |
_hV2-3.N03<-M95, M2 _cTEXL _2CC |
||
| 999 |
_c223978 _d223978 |
||